000 00241nam a22001097a 4500
082 _a080
100 _aSingh , Sanjay
_933479
245 _aArt of Success
260 _aDelhi
_bApple Books
_c2018
650 _aMotivation
_980798
942 _cBK
999 _c64044
_d64044